000 00688nam a2200289Ia 4500
005 20260324133550.0
008 008 260324s9999 xx 000 0 eng d
020 _a9781410607805
037 _aEBOOK
040 _aCRL
040 _beng
040 _cCRL
041 _2eng
041 _aeng
084 _qCRL
100 _aRose M. Kundanis
_91193572
245 0 _aChildren, Teens, Families, and Mass Media
245 4 _bThe Millennial Generation
260 _bTaylor and Francis
260 _c2003
365 _a
365 _b230
856 _uhttp://www.taylorfrancis.com/books/9781410607805
942 _cEBOOK
999 _c1792738
_d1792738